[Event "CP-2017-P-00003"]
[Site "LSS email"]
[Date "2017.09.27"]
[Round "?"]
[White "Schormann, Conrad"]
[Black "Callow, Chris"]
[Result "0-1"]
[WhiteElo "2410"]
[BlackElo "2024"]
[PlyCount "26"]
[EventDate "2017.10.01"]
[EventType "tourn (corr)"]
[EventRounds "6"]
[EventCountry "GER"]
[SourceTitle "Corr 2022"]
[Source "ChessBase"]
[SourceDate "2021.10.24"]
[SourceVersion "1"]
[SourceVersionDate "2021.10.24"]
[SourceQuality "1"]

1. d4 d5 2. c4 c6 3. Nf3 Nf6 4. Nc3 e6 5. Bg5 Nbd7 6. cxd5 exd5 7. e3 Be7 8. Qc2 0-0 9. Bd3 Re8 10. 0-0 Nf8 11. h3 Ne4 12. Bf4 f5 13. Bh2 Ng6 0-1

[Event "CP-2017-P-00003"]
[Site "LSS email"]
[Date "2017.09.27"]
[Round "?"]
[White "Schormann, Conrad"]
[Black "Husemann, Andreas"]
[Result "1/2-1/2"]
[WhiteElo "2410"]
[BlackElo "2189"]
[PlyCount "61"]
[EventDate "2017.10.01"]
[EventType "tourn (corr)"]
[EventRounds "6"]
[EventCountry "GER"]
[SourceTitle "Corr 2022"]
[Source "ChessBase"]
[SourceDate "2021.10.24"]
[SourceVersion "1"]
[SourceVersionDate "2021.10.24"]
[SourceQuality "1"]

1. d4 Nf6 2. c4 g6 3. Nc3 d5 4. Nf3 Bg7 5. h4 dxc4 6. e4 c5 7. d5 b5 8. h5 0-0 9. hxg6 fxg6 10. Rh4 a6 11. Be2 Nbd7 12. e5 Nh5 13. d6 Nxe5 14. Rxh5 Qxd6 15. Qxd6 exd6 16. Rxe5 dxe5 17. Ng5 Bb7 18. g3 Rfe8 19. Nge4 b4 20. Bxc4+ Kh8 21. Nxc5 bxc3 22. Nxb7 e4 23. Be3 cxb2 24. Rb1 h6 25. Nc5 Re7 26. Bb3 Rb8 27. Na4 Reb7 28. Bd2 a5 29. Bxa5 Rxb3 30. axb3 Rxb3 31. Bd2 1/2-1/2

[Event "SM-2017-0-00383"]
[Site "LSS email"]
[Date "2017.09.27"]
[Round "?"]
[White "Szabo, Mihaly"]
[Black "Schormann, Conrad"]
[Result "1/2-1/2"]
[WhiteElo "2386"]
[BlackElo "2410"]
[PlyCount "60"]
[EventDate "2017.08.02"]
[EventType "tourn (corr)"]
[EventRounds "6"]
[EventCountry "GER"]
[SourceTitle "Corr 2022"]
[Source "ChessBase"]
[SourceDate "2021.10.24"]
[SourceVersion "1"]
[SourceVersionDate "2021.10.24"]
[SourceQuality "1"]

1. e4 c5 2. Nf3 d6 3. d4 cxd4 4. Nxd4 Nf6 5. Nc3 a6 6. Be3 Ng4 7. Bg5 h6 8. Bh4 g5 9. Bg3 Bg7 10. h3 Ne5 11. Qd2 Nbc6 12. 0-0-0 Nxd4 13. Qxd4 Be6 14. Nd5 Rc8 15. f4 gxf4 16. Bxf4 Rg8 17. Qb4 b5 18. Kb1 Nc4 19. Bc1 Qd7 20. g4 Qc6 21. Qb3 a5 22. Rh2 Be5 23. Rg2 f5 24. gxf5 Rxg2 25. Bxg2 a4 26. Qd3 Bxd5 27. exd5 Qc5 28. Bf1 a3 29. b3 Kd8 30. Qe4 h5 1/2-1/2

[Event "WC-2017-Q-00011"]
[Site "LSS email"]
[Date "2017.08.22"]
[Round "?"]
[White "Schormann, Conrad"]
[Black "Schroeder, Christoph"]
[Result "0-1"]
[WhiteElo "2410"]
[BlackElo "2313"]
[PlyCount "54"]
[EventDate "2017.09.01"]
[EventType "tourn (corr)"]
[EventRounds "12"]
[EventCountry "GER"]
[SourceTitle "Corr 2022"]
[Source "ChessBase"]
[SourceDate "2021.10.24"]
[SourceVersion "1"]
[SourceVersionDate "2021.10.24"]
[SourceQuality "1"]

1. d4 f5 2. c4 Nf6 3. g3 e6 4. Bg2 d5 5. Nh3 Bd6 6. 0-0 0-0 7. Qc2 c6 8. Bf4 Be7 9. Nd2 h6 10. Bxb8 Rxb8 11. Nf4 Bd6 12. Nd3 b6 13. b4 Ba6 14. c5 bxc5 15. bxc5 Bc7 16. Nf3 g5 17. Rfb1 Bxd3 18. Qxd3 a5 19. Rxb8 Qxb8 20. Rb1 Qc8 21. e3 Ne4 22. Ne1 Kg7 23. f3 Nf6 24. Bf1 e5 25. dxe5 Bxe5 26. Nc2 Nd7 27. Qd2 Nxc5 0-1

[Event "SM-2017-0-00372"]
[Site "LSS email"]
[Date "2017.03.23"]
[Round "?"]
[White "Schormann, Conrad"]
[Black "Chumanov, Valeriy"]
[Result "1/2-1/2"]
[WhiteElo "2383"]
[BlackElo "2334"]
[PlyCount "51"]
[EventDate "2017.01.13"]
[EventType "tourn (corr)"]
[EventRounds "6"]
[EventCountry "GER"]
[SourceTitle "Corr 2022"]
[Source "ChessBase"]
[SourceDate "2021.10.24"]
[SourceVersion "1"]
[SourceVersionDate "2021.10.24"]
[SourceQuality "1"]

1. d4 Nf6 2. c4 e6 3. Nf3 d5 4. Nc3 c6 5. Bg5 h6 6. Bh4 dxc4 7. e4 g5 8. Bg3 b5 9. Be2 Bb7 10. 0-0 Nbd7 11. Ne5 Bg7 12. Nxd7 Nxd7 13. Bd6 a6 14. a4 b4 15. Bxb4 Qb6 16. Ba3 Qxd4 17. Qc2 c5 18. Rad1 Qe5 19. Bxc4 Qc7 20. Ne2 Be5 21. h3 0-0 22. Ng3 Rfd8 23. b3 Nb6 24. Be2 c4 25. a5 Nd7 26. bxc4 1/2-1/2

[Event "SM-2017-0-00371"]
[Site "LSS email"]
[Date "2017.03.13"]
[Round "?"]
[White "Mueller Alves, Martin"]
[Black "Schormann, Conrad"]
[Result "1/2-1/2"]
[WhiteElo "2476"]
[BlackElo "2383"]
[PlyCount "75"]
[EventDate "2016.12.26"]
[EventType "tourn (corr)"]
[EventRounds "6"]
[EventCountry "GER"]
[SourceTitle "Corr 2022"]
[Source "ChessBase"]
[SourceDate "2021.10.24"]
[SourceVersion "1"]
[SourceVersionDate "2021.10.24"]
[SourceQuality "1"]

1. e4 c6 2. d4 d5 3. e5 Bf5 4. Nf3 e6 5. Be2 c5 6. Be3 cxd4 7. Nxd4 Ne7 8. Nd2 Nbc6 9. N2f3 Be4 10. 0-0 Bxf3 11. Nxf3 Qc7 12. Rc1 Rd8 13. c3 Ng6 14. Bd4 Be7 15. Re1 0-0 16. Bd3 Rc8 17. g3 Nxd4 18. cxd4 Qxc1 19. Qxc1 Rxc1 20. Rxc1 Bd8 21. Bxg6 hxg6 22. h4 Bb6 23. Kg2 Ra8 24. Kf1 f6 25. a4 Kf7 26. Ke2 a5 27. Kd3 Ke7 28. Ke3 Rh8 29. Rc3 Kd7 30. Rb3 Kc6 31. Kd3 Bc7 32. Rc3+ Kd7 33. Ke2 Ra8 34. Ke3 Rh8 35. Rd3 Ra8 36. Ra3 Rh8 37. Kd3 Ra8 38. exf6 1/2-1/2

[Event "WC-2017-P-00014"]
[Site "LSS email"]
[Date "2017.01.23"]
[Round "?"]
[White "Schormann, Conrad"]
[Black "Keevil, Paul"]
[Result "1/2-1/2"]
[WhiteElo "2383"]
[BlackElo "2258"]
[PlyCount "88"]
[EventDate "2017.02.01"]
[EventType "tourn (corr)"]
[EventRounds "12"]
[EventCountry "GER"]
[SourceTitle "Corr 2022"]
[Source "ChessBase"]
[SourceDate "2021.10.24"]
[SourceVersion "1"]
[SourceVersionDate "2021.10.24"]
[SourceQuality "1"]

1. d4 Nf6 2. c4 e6 3. Nf3 b6 4. g3 Ba6 5. Qc2 c5 6. d5 exd5 7. cxd5 Bb7 8. Bg2 Nxd5 9. 0-0 Qc8 10. Qe4+ Ne7 11. Qa4 g6 12. Nc3 Bg7 13. Bg5 h6 14. Nb5 Qc6 15. Rfd1 d5 16. Bxe7 Kxe7 17. Rxd5 Qxd5 18. Nh4 Qd7 19. Rd1 Bd4 20. Bxb7 Qxb7 21. Rxd4 cxd4 22. Qb4+ Kd8 23. Qxd4+ Nd7 24. Qxh8+ Ke7 25. Qxh6 Qd5 26. Nc3 Qc5 27. e4 Ne5 28. Nd5+ Kd7 29. Qf4 Qd6 30. Nf3 Nxf3+ 31. Qxf3 Rf8 32. h4 f5 33. exf5 Rxf5 34. Nf4 g5 35. hxg5 Rxg5 36. Qb7+ Ke8 37. Qa8+ Kd7 38. Qxa7+ Kc8 39. Qa4 Ra5 40. Qe4 Kc7 41. a3 Re5 42. Qc4+ Qc6 43. Qf7+ Kb8 44. Nd3 Re8 1/2-1/2

[Event "SM-2016-0-00363"]
[Site "LSS email"]
[Date "2016.10.28"]
[Round "?"]
[White "Ortiz, Manuel"]
[Black "Schormann, Conrad"]
[Result "1/2-1/2"]
[WhiteElo "2368"]
[BlackElo "2383"]
[PlyCount "35"]
[EventDate "2016.08.20"]
[EventType "tourn (corr)"]
[EventRounds "6"]
[EventCountry "GER"]
[SourceTitle "Corr 2022"]
[Source "ChessBase"]
[SourceDate "2021.10.24"]
[SourceVersion "1"]
[SourceVersionDate "2021.10.24"]
[SourceQuality "1"]

1. e4 c6 2. d4 d5 3. e5 Bf5 4. Nf3 e6 5. Be2 c5 6. Be3 cxd4 7. Nxd4 Ne7 8. 0-0 Nbc6 9. Bb5 a6 10. Bxc6+ bxc6 11. c4 Qd7 12. Nc3 dxc4 13. Nxf5 Qxd1 14. Nxd1 Nxf5 15. Rc1 0-0-0 16. Rxc4 Kb7 17. Nc3 Be7 18. Ne4 1/2-1/2

[Event "SM-2016-0-00363"]
[Site "LSS email"]
[Date "2016.10.28"]
[Round "?"]
[White "Schormann, Conrad"]
[Black "Bernal Varela, Nelson"]
[Result "1/2-1/2"]
[WhiteElo "2383"]
[BlackElo "2266"]
[PlyCount "100"]
[EventDate "2016.08.20"]
[EventType "tourn (corr)"]
[EventRounds "6"]
[EventCountry "GER"]
[SourceTitle "Corr 2022"]
[Source "ChessBase"]
[SourceDate "2021.10.24"]
[SourceVersion "1"]
[SourceVersionDate "2021.10.24"]
[SourceQuality "1"]

1. d4 Nf6 2. c4 e6 3. Nf3 b6 4. g3 Bb7 5. Bg2 Be7 6. 0-0 0-0 7. d5 exd5 8. Nh4 c6 9. cxd5 Nxd5 10. Nf5 Nc7 11. e4 Bf6 12. Re1 d5 13. e5 Be7 14. Qg4 g6 15. Nh6+ Kh8 16. Qf3 Qe8 17. Ng4 h5 18. Nf6 Bxf6 19. Qxf6+ Kh7 20. Nd2 Nd7 21. Qh4 Qd8 22. Qf4 Ne6 23. Qe3 Kg8 24. Nf3 Re8 25. b3 Qe7 26. Nh4 Rad8 27. Qh6 Ba6 28. Bb2 Ndc5 29. Ba3 Qg5 30. Qxg5 Nxg5 31. Bxc5 bxc5 32. Rac1 Ne6 33. f4 Rb8 34. Nf3 Rb5 35. Bh3 Ra5 36. Rc2 Bd3 37. Rd2 c4 38. Bxe6 fxe6 39. bxc4 Bxc4 40. Rb2 Rb5 41. Rxb5 cxb5 42. a3 Rb8 43. Kf2 Rb6 44. Rb1 Kh7 45. Nd4 Kh6 46. Ke3 Kg7 47. Kd2 Kf7 48. Kc3 Ke7 49. Kc2 Kd7 50. Kc3 Ke8 1/2-1/2

[Event "SM-2016-0-00363"]
[Site "LSS email"]
[Date "2016.10.28"]
[Round "?"]
[White "Schormann, Conrad"]
[Black "Tylecek, Drahomir"]
[Result "1/2-1/2"]
[WhiteElo "2383"]
[BlackElo "2259"]
[PlyCount "74"]
[EventDate "2016.08.20"]
[EventType "tourn (corr)"]
[EventRounds "6"]
[EventCountry "GER"]
[SourceTitle "Corr 2022"]
[Source "ChessBase"]
[SourceDate "2021.10.24"]
[SourceVersion "1"]
[SourceVersionDate "2021.10.24"]
[SourceQuality "1"]

1. d4 Nf6 2. Nf3 d5 3. c4 c6 4. Nc3 e6 5. Bg5 h6 6. Bh4 dxc4 7. e4 g5 8. Bg3 b5 9. h4 g4 10. Ne5 Bb7 11. Nxg4 Nxg4 12. Qxg4 Qxd4 13. Rd1 Qf6 14. h5 Nd7 15. Bh4 Qe5 16. f4 Qg7 17. Qf3 f6 18. Rh3 0-0-0 19. Rg3 Qf7 20. Be2 Be7 21. Rg6 Nf8 22. Rg3 Rd7 23. f5 Bd6 24. Rxd6 Rxd6 25. Qe3 e5 26. Qxa7 Qc7 27. Rg6 Nxg6 28. fxg6 Qe7 29. Bf2 Rd4 30. Bg4+ Kc7 31. Qa5+ Kb8 32. Qb6 Rhd8 33. Be3 f5 34. Bxf5 b4 35. Ke2 Qh4 36. Kf3 bxc3 37. bxc3 Qxh5+ 1/2-1/2

[Event "CP-2016-P-00035"]
[Site "LSS email"]
[Date "2016.09.27"]
[Round "?"]
[White "Schormann, Conrad"]
[Black "Guberna, Aleksandr"]
[Result "1/2-1/2"]
[WhiteElo "2374"]
[BlackElo "2394"]
[PlyCount "87"]
[EventDate "2016.10.01"]
[EventType "tourn (corr)"]
[EventRounds "6"]
[EventCountry "GER"]
[SourceTitle "Corr 2022"]
[Source "ChessBase"]
[SourceDate "2021.10.24"]
[SourceVersion "1"]
[SourceVersionDate "2021.10.24"]
[SourceQuality "1"]

1. d4 Nf6 2. c4 e6 3. Nf3 d5 4. Nc3 c6 5. Bg5 h6 6. Bh4 dxc4 7. e4 g5 8. Bg3 b5 9. h4 g4 10. Ne5 Nbd7 11. Be2 Nxe5 12. Bxe5 Rg8 13. 0-0 Bb7 14. g3 a6 15. Re1 Bb4 16. Qc1 c5 17. Qf4 Rg6 18. Rad1 Nh5 19. Qe3 cxd4 20. Bxd4 Qc7 21. b3 cxb3 22. axb3 Qe7 23. Be5 f6 24. Bd4 Kf7 25. Rc1 Rc8 26. Bd3 Ng7 27. Re2 Ba3 28. Rcc2 Kg8 29. Na2 e5 30. Rxc8+ Bxc8 31. Rc2 Bb7 32. Bb6 Bd6 33. b4 Qd7 34. Nc3 f5 35. exf5 Nxf5 36. Qd2 Qf7 37. h5 Re6 38. Be4 Bf8 39. Nd5 Rxb6 40. Rc7 Qxc7 41. Nxc7 Bxe4 42. Qe2 Bf3 43. Qa2+ Kh8 44. Qf7 1/2-1/2

[Event "SM-2016-0-00361"]
[Site "LSS email"]
[Date "2016.09.21"]
[Round "?"]
[White "Schormann, Conrad"]
[Black "Kovalenko, Igor"]
[Result "1/2-1/2"]
[WhiteElo "2352"]
[BlackElo "2270"]
[PlyCount "56"]
[EventDate "2016.07.02"]
[EventType "tourn (corr)"]
[EventRounds "6"]
[EventCountry "GER"]
[SourceTitle "Corr 2022"]
[Source "ChessBase"]
[SourceDate "2021.10.24"]
[SourceVersion "1"]
[SourceVersionDate "2021.10.24"]
[SourceQuality "1"]

1. d4 Nf6 2. c4 e6 3. Nf3 b6 4. a3 Bb7 5. Nc3 d5 6. cxd5 Nxd5 7. Qc2 Nxc3 8. bxc3 c5 9. e4 Nc6 10. Bb2 Rc8 11. Rd1 cxd4 12. cxd4 Bd6 13. d5 exd5 14. exd5 Qe7+ 15. Be2 Na5 16. Qa4+ Kd8 17. Kf1 Rc5 18. Bxg7 Rg8 19. Bd4 Rxd5 20. Qc2 Re8 21. h4 Qe4 22. Qxe4 Rxe4 23. Rh3 Ke7 24. Bc3 Rxd1+ 25. Bxd1 Nc4 26. h5 h6 27. a4 Bc8 28. Rh1 a5 1/2-1/2

[Event "SM-2016-0-00361"]
[Site "LSS email"]
[Date "2016.09.21"]
[Round "?"]
[White "Schormann, Conrad"]
[Black "Van Hooff, Ruud"]
[Result "1-0"]
[WhiteElo "2352"]
[BlackElo "2325"]
[PlyCount "43"]
[EventDate "2016.07.02"]
[EventType "tourn (corr)"]
[EventRounds "6"]
[EventCountry "GER"]
[SourceTitle "Corr 2022"]
[Source "ChessBase"]
[SourceDate "2021.10.24"]
[SourceVersion "1"]
[SourceVersionDate "2021.10.24"]
[SourceQuality "1"]

1. d4 d5 2. c4 c6 3. Nf3 Nf6 4. e3 e6 5. Nc3 Nbd7 6. Qc2 Bd6 7. g4 h6 8. Rg1 e5 9. Bd2 e4 10. Nh4 Bxh2 11. Rg2 Bb8 12. 0-0-0 Nb6 13. cxd5 cxd5 14. Be2 g5 15. Nf5 Bxf5 16. gxf5 Bd6 17. Kb1 Kf8 18. Rh1 Rh7 19. Qb3 Rc8 20. f4 exf3 21. Bxf3 Qd7 22. Ka1 1-0

[Event "SM-2016-0-00360"]
[Site "LSS email"]
[Date "2016.08.31"]
[Round "?"]
[White "Schormann, Conrad"]
[Black "Zolendowski, Cesary"]
[Result "1/2-1/2"]
[WhiteElo "2130"]
[BlackElo "2331"]
[PlyCount "123"]
[EventDate "2016.05.25"]
[EventType "tourn (corr)"]
[EventRounds "6"]
[EventCountry "GER"]
[SourceTitle "Corr 2022"]
[Source "ChessBase"]
[SourceDate "2021.10.24"]
[SourceVersion "1"]
[SourceVersionDate "2021.10.24"]
[SourceQuality "1"]

1. d4 d5 2. c4 e6 3. Nf3 Be7 4. Nc3 Nf6 5. Bf4 0-0 6. e3 c5 7. dxc5 Bxc5 8. Qc2 Nc6 9. a3 Qa5 10. Rd1 Be7 11. Be2 dxc4 12. Bxc4 e5 13. Bg3 Bg4 14. 0-0 Rac8 15. Rc1 Bh5 16. Rfd1 Rfd8 17. Rxd8+ Qxd8 18. Ba2 Qc7 19. h3 Rd8 20. Qb3 a6 21. Qc4 Bd6 22. Bh4 Be7 23. g4 Bg6 24. Bg3 b5 25. Bxe5 Qd7 26. Qf1 h5 27. g5 Ne4 28. Nd5 Nd2 29. Nxd2 Nxe5 30. Rc7 Qxc7 31. Nxc7 Rxd2 32. Bb1 Bxg5 33. Bxg6 Nf3+ 34. Kg2 Nh4+ 35. Kg3 fxg6 36. e4 Kh7 37. Qb1 Be7 38. Ne6 Bf6 39. b4 Rd6 40. Nc5 Rd2 41. Qc1 Rd4 42. f4 Rc4 43. Qd1 Rc3+ 44. Kf2 Rxh3 45. Ne6 Rh2+ 46. Kg3 Rg2+ 47. Kh3 Rf2 48. Qd5 Rf3+ 49. Kh2 Rf2+ 50. Kg1 Rd2 51. Qb3 Re2 52. Qd3 Rd2 53. Qe3 Ra2 54. Kh1 Rb2 55. e5 Be7 56. Nd4 Rb1+ 57. Kh2 Rd1 58. Kh3 Kh6 59. Qe4 Ra1 60. Qe3 Rd1 61. Qe4 Ra1 62. Kh2 1/2-1/2

[Event "SM-2016-0-00359"]
[Site "LSS email"]
[Date "2016.08.19"]
[Round "?"]
[White "Bormida, Adolfo"]
[Black "Schormann, Conrad"]
[Result "1/2-1/2"]
[WhiteElo "2395"]
[BlackElo "2130"]
[PlyCount "55"]
[EventDate "2016.05.25"]
[EventType "tourn (corr)"]
[EventRounds "6"]
[EventCountry "GER"]
[SourceTitle "Corr 2022"]
[Source "ChessBase"]
[SourceDate "2021.10.24"]
[SourceVersion "1"]
[SourceVersionDate "2021.10.24"]
[SourceQuality "1"]

1. e4 c6 2. d4 d5 3. e5 Bf5 4. Nf3 e6 5. Be2 c5 6. Be3 cxd4 7. Nxd4 Ne7 8. Nd2 Nbc6 9. N2f3 Be4 10. 0-0 Ng6 11. Ng5 Ngxe5 12. Nxe4 dxe4 13. c3 Bd6 14. Qa4 Qa5 15. Qb3 Bc7 16. Nxc6 bxc6 17. Qc2 Nd3 18. Rfd1 0-0 19. Bxd3 exd3 20. Rxd3 Rfd8 21. b4 Qe5 22. g3 Rxd3 23. Qxd3 Bb6 24. Bxb6 axb6 25. a4 g6 26. Qf3 Qd5 27. Qxd5 exd5 28. Kf1 1/2-1/2

[Event "SM-2016-0-00359"]
[Site "LSS email"]
[Date "2016.08.17"]
[Round "?"]
[White "Osipov, Anatoly Vladimirovi"]
[Black "Schormann, Conrad"]
[Result "1/2-1/2"]
[WhiteElo "2298"]
[BlackElo "2130"]
[PlyCount "74"]
[EventDate "2016.05.25"]
[EventType "tourn (corr)"]
[EventRounds "6"]
[EventCountry "GER"]
[SourceTitle "Corr 2022"]
[Source "ChessBase"]
[SourceDate "2021.10.24"]
[SourceVersion "1"]
[SourceVersionDate "2021.10.24"]
[SourceQuality "1"]

1. e4 c6 2. d4 d5 3. e5 Bf5 4. c3 e6 5. Be3 Qb6 6. Qb3 Nd7 7. Nd2 f6 8. f4 g5 9. Ngf3 gxf4 10. Bxf4 Bh6 11. Bxh6 Nxh6 12. exf6 Nxf6 13. Qxb6 axb6 14. Be2 Nhg4 15. Nh4 Ne3 16. Kf2 Neg4+ 17. Bxg4 Nxg4+ 18. Ke2 h5 19. a3 Ke7 20. Raf1 Bh7 21. h3 Nf6 22. Rf4 Rhg8 23. Re1 c5 24. Ndf3 Rac8 25. Ne5 cxd4 26. cxd4 Rc2+ 27. Kf1 Rg3 28. Rf2 Rxf2+ 29. Kxf2 Rb3 30. Re2 b5 31. Nhf3 Ne4+ 32. Kg1 b4 33. axb4 Nd6 34. Ng5 Bf5 35. g4 hxg4 36. hxg4 Bb1 37. Kg2 Rxb4 1/2-1/2

[Event "SM-2016-0-00358"]
[Site "LSS email"]
[Date "2016.08.14"]
[Round "?"]
[White "Schormann, Conrad"]
[Black "Woelfelschneider, Peter"]
[Result "0-1"]
[WhiteElo "2130"]
[BlackElo "2343"]
[PlyCount "60"]
[EventDate "2016.05.22"]
[EventType "tourn (corr)"]
[EventRounds "6"]
[EventCountry "GER"]
[SourceTitle "Corr 2022"]
[Source "ChessBase"]
[SourceDate "2021.10.24"]
[SourceVersion "1"]
[SourceVersionDate "2021.10.24"]
[SourceQuality "1"]

1. d4 Nf6 2. c4 e6 3. Nf3 d5 4. Nc3 c6 5. Bg5 dxc4 6. e4 b5 7. e5 h6 8. Bh4 g5 9. Nxg5 hxg5 10. Bxg5 Nbd7 11. g3 Rg8 12. h4 Rxg5 13. hxg5 Nd5 14. g6 fxg6 15. Qg4 Qe7 16. Bg2 N7b6 17. Rh8 Bd7 18. Qxg6+ Qf7 19. Be4 Ne7 20. Qxf7+ Kxf7 21. a4 a6 22. g4 b4 23. a5 Nbd5 24. Na4 Rd8 25. Kd2 Nf4 26. Nc5 Bc8 27. Rah1 Nfg6 28. R8h7+ Bg7 29. Bxg6+ Kxg6 30. Rxg7+ Kxg7 0-1

[Event "RM-2016-0-00170"]
[Site "LSS email"]
[Date "2016.08.06"]
[Round "?"]
[White "Schormann, Conrad"]
[Black "McLeod, Sylvester"]
[Result "1/2-1/2"]
[WhiteElo "2130"]
[BlackElo "2296"]
[PlyCount "70"]
[EventDate "2016.04.28"]
[EventType "tourn (corr)"]
[EventRounds "6"]
[EventCountry "GER"]
[SourceTitle "Corr 2022"]
[Source "ChessBase"]
[SourceDate "2021.10.24"]
[SourceVersion "1"]
[SourceVersionDate "2021.10.24"]
[SourceQuality "1"]

1. d4 d5 2. c4 c6 3. Nf3 Nf6 4. e3 Bf5 5. Nc3 e6 6. Nh4 Bg6 7. Nxg6 hxg6 8. Bd3 Nbd7 9. 0-0 Qc7 10. h3 Be7 11. Bd2 dxc4 12. Bxc4 0-0 13. Rc1 Rac8 14. e4 Qb6 15. e5 Nd5 16. Qg4 Qxb2 17. Ne4 b5 18. Bb3 Rfd8 19. Rcd1 Qa3 20. Bc1 Qa6 21. Bg5 Nf8 22. h4 Qb7 23. h5 Bxg5 24. Qxg5 Qe7 25. Qg4 a5 26. hxg6 Nxg6 27. g3 c5 28. Nd6 c4 29. Nxc8 Rxc8 30. Bc2 c3 31. Kg2 Qb7 32. Qe4 Qd7 33. a3 Qb7 34. Ra1 b4 35. Rfb1 Nge7 1/2-1/2